MAASAI MARA UNIVERSITY

LIBRARY CATALOGUE

Contact Us: +254 020 2685356/7 or 0774 057787

Box: 861-20500, NAROK, KENYA

Email: info@mmarau.ac.ke

_Organic chemistry (4th ed.) William H. Brown (Record no. 7528)

MARC details
000 -LEADER
fixed length control field 00411nam a2200145Ia 4500
008 - FIXED-LENGTH DATA ELEMENTS--GENERAL INFORMATION
fixed length control field 151021s9999 xx 000 0 und d
020 ## - INTERNATIONAL STANDARD BOOK NUMBER
International Standard Book Number 534467733
050 ## - LIBRARY OF CONGRESS CALL NUMBER
Classification number QD 25.3 .B76 2005
245 ## - TITLE STATEMENT
Title _Organic chemistry (4th ed.) William H. Brown
300 ## - PHYSICAL DESCRIPTION
Extent xli,1168p,;ill
500 ## - GENERAL NOTE
General note Includes index
650 ## - SUBJECT ADDED ENTRY--TOPICAL TERM
Topical term or geographic name as entry element _Organic Chemistry
700 ## - ADDED ENTRY--PERSONAL NAME
Personal name _Christopher S. Foote
980 ## - EQUIVALENCE OR CROSS-REFERENCE-SERIES STATEMENT--PERSONAL NAME/TITLE [LOCAL, CANADA]
Personal name ^d20110707 10:38:19^oanne

No items available.

© 2016 Maasai Mara University.